[Event "ACT-ch"]
[Site "Canberra"]
[Date "2017.03.11"]
[Round "3"]
[White "Xu, Ruofan"]
[Black "Pearce, Tim"]
[Result "0-1"]
[WhiteElo "1424"]
[BlackElo "1726"]
[PlyCount "72"]
[EventDate "2017.03.10"]
[EventType "swiss"]
[EventRounds "7"]
[EventCountry "AUS"]
[SourceTitle "EXT 2023"]
[Source "ChessBase"]
[SourceDate "2022.10.05"]
[SourceVersion "1"]
[SourceVersionDate "2022.10.05"]
[SourceQuality "1"]

1. e4 c5 2. Nc3 Nc6 3. f4 d6 4. Nf3 g6 5. Bc4 e6 6. 0-0 Nge7 7. d3 Bg7 8. Bd2 0-0 9. Qe1 a6 10. a4 Nb4 11. Bb3 d5 12. e5 c4 13. dxc4 dxc4 14. Ne4 cxb3 15. Bxb4 bxc2 16. Nd6 Qb6+ 17. Kh1 Nd5 18. Ba3 Rd8 19. Ng5 Rd7 20. Qd2 Rc7 21. Rac1 f6 22. Nge4 fxe5 23. Ne8 Rf7 24. N4d6 Rxf4 25. Rxf4 exf4 26. Nxg7 Kxg7 27. Rxc2 Bd7 28. Bc5 Qb3 29. Qd4+ Kg8 30. Rc1 f3 31. Qf2 Rf8 32. g3 Bxa4 33. Qe1 Ne7 34. Nc4 f2 35. Qxe6+ Rf7 36. Bxe7 Qf3# 0-1

[Event "ACT-ch"]
[Site "Canberra"]
[Date "2017.03.10"]
[Round "1"]
[White "Xu, Ruofan"]
[Black "Chibnall, Alana"]
[Result "0-1"]
[WhiteElo "1424"]
[BlackElo "1871"]
[PlyCount "86"]
[EventDate "2017.03.10"]
[EventType "swiss"]
[EventRounds "7"]
[EventCountry "AUS"]
[SourceTitle "EXT 2023"]
[Source "ChessBase"]
[SourceDate "2022.10.05"]
[SourceVersion "1"]
[SourceVersionDate "2022.10.05"]
[SourceQuality "1"]

1. e4 e5 2. Nf3 Nc6 3. Bb5 a6 4. Ba4 Nf6 5. 0-0 b5 6. Bb3 Be7 7. Re1 0-0 8. d4 Nxd4 9. Nxd4 exd4 10. e5 Ne8 11. Qxd4 c5 12. Qe4 Rb8 13. c3 Bb7 14. Qg4 d6 15. e6 f5 16. Qg3 Nf6 17. Bg5 Ne4 18. Bxe7 Qxe7 19. Qf4 g6 20. Nd2 c4 21. Bc2 Nxd2 22. Qxd2 Rf6 23. Rad1 Rd8 24. Qe2 Re8 25. f3 Rxe6 26. Qxe6+ Qxe6 27. Rxe6 Rxe6 28. Kf2 Kf7 29. Rd4 Kf6 30. f4 Ke7 31. g3 Bg2 32. a3 Bh3 33. Rd5 Bg4 34. Rd2 Kf6 35. Bb1 g5 36. Bc2 gxf4 37. gxf4 Ke7 38. Bb1 Rh6 39. Ke3 Rh3+ 40. Kd4 Rf3 41. Re2+ Kd7 42. Kd5 Rxf4 43. Re6 Bf3+ 0-1

[Event "ACT-ch"]
[Site "Canberra"]
[Date "2016.02.14"]
[Round "5"]
[White "Badrinarayan, Siddhant"]
[Black "Xu, Ruofan"]
[Result "1-0"]
[WhiteElo "1014"]
[BlackElo "1471"]
[PlyCount "57"]
[EventDate "2016.02.12"]
[EventType "swiss"]
[EventRounds "9"]
[EventCountry "AUS"]
[SourceTitle "CBM 171 Extra"]
[Source "ChessBase"]
[SourceDate "2016.04.26"]
[SourceVersion "1"]
[SourceVersionDate "2016.04.26"]
[SourceQuality "1"]

1. d4 Nf6 2. Nf3 d6 3. c4 g6 4. Nc3 Bg7 5. e4 0-0 6. Bg5 Nbd7 7. Be2 e5 8. d5 h6 9. Bh4 Qe8 10. 0-0 Nh7 11. Nd2 Nb6 12. f3 f5 13. Bf2 g5 14. b4 Nf6 15. a4 a5 16. Nb5 Qd8 17. c5 Nbd7 18. bxa5 dxc5 19. Nb3 fxe4 20. Nxc5 exf3 21. Bxf3 Re8 22. Ne6 Qe7 23. Nbxc7 Rxa5 24. Nxe8 Qxe8 25. Nxg7 Kxg7 26. Qd2 e4 27. Be2 Rxd5 28. Qc3 Kh7 29. Rac1 1-0